El pájaro suerte y otros poemas /

Guardado en:
Autor Principal: Pisos, Cecilia
Otros Autores: Lenardón, Silvia; il.
Formato: Libro
Publicado: Buenos Aires : Pequeño Editor, 2013
Materias:
Etiquetas: Agregar Etiqueta
Sin Etiquetas, Sea el primero en etiquetar este registro!
LEADER 00748nam a22002415a 4500
001 CEM.cems015457
005 20191206165952.0
008 130507s2013##################000#0#####d
003 CEMS
020 |a 9789871374328 
082 0 4 |a A861.4 
100 1 |a Pisos, Cecilia 
245 1 0 |a El pájaro suerte y otros poemas /  |c Cecilia Pisos ; ilustrado Por Silvia Lenardón 
260 |a Buenos Aires :  |b Pequeño Editor,  |c 2013 
300 |a 32 p. 
653 |a Literatura 
653 |a Literatura argentina 
653 |a Literatura infantil 
653 |a Poesía 
653 |a Poesía infantil 
653 |a Colección ciencias de la educación 
700 1 |a Lenardón, Silvia; il. 
859 |a CEMS  |b BIB. CEMS - Ccias. Educacion  |h A861.4  |i P676-2  |k CE  |p 28916.19  |t Ej.1